书目信息 |
| 题名: |
城市轨道交通规划与管理研究
|
|
| 作者: | 黄义强 , 陈璐 , 张溪 著 | |
| 分册: | ||
| 出版信息: | 西安 西北工业大学出版社 2024.05 |
|
| 页数: | 213页 | |
| 开本: | 26cm | |
| 丛书名: | ||
| 单 册: | ||
| 中图分类: | U239.5 | |
| 科图分类: | ||
| 主题词: | 城市铁路--cheng shi tie lu--轨道交通--交通规划--研究 , 城市铁路--cheng shi tie lu--交通运输管理--研究 | |
| 电子资源: | ||
| ISBN: | 978-7-5612-8913-6 | |
| 000 | 01134nam0 2200277 450 | |
| 001 | 91689 | |
| 005 | 20250817105631.98 | |
| 010 | @a978-7-5612-8913-6@dCNY56.00 | |
| 100 | @a20240708d2024 em y0chiy50 ea | |
| 101 | 0 | @achi |
| 102 | @aCN@b610000 | |
| 105 | @ay a 000yy | |
| 106 | @ar | |
| 200 | 1 | @a城市轨道交通规划与管理研究@Acheng shi gui dao jiao tong gui hua yu guan li yan jiu@f黄义强, 陈璐, 张溪著 |
| 210 | @a西安@c西北工业大学出版社@d2024.05 | |
| 215 | @a213页@d26cm | |
| 320 | @a有书目 (第212-213页) | |
| 330 | @a本书从城市轨道的基础理论入手, 论述了城市轨道交通的相关设施服务的规划设计, 并对城市轨道交通的运营管理做了系统分析。本书主要内容包括: 城市轨道交通概述 ; 城市轨道交通线网的规划与设计 ; 城市轨道交通车站的设计 ; 城市轨道交通系统的规划设计 ; 城市轨道交通客运组织管理等。 | |
| 606 | 0 | @a城市铁路@Acheng shi tie lu@x轨道交通@x交通规划@x研究 |
| 606 | 0 | @a城市铁路@Acheng shi tie lu@x交通运输管理@x研究 |
| 690 | @aU239.5@v5 | |
| 701 | 0 | @a黄义强@Ahuang yi qiang@4著 |
| 701 | 0 | @a陈璐@Achen lu@4著 |
| 701 | 0 | @a张溪@Azhang xi@4著 |
| 801 | 0 | @aCN@c20250909 |
| 905 | @a河南城建学院图书馆@dU239.5@eH910@f1 | |
| 城市轨道交通规划与管理研究/黄义强, 陈璐, 张溪著.-西安:西北工业大学出版社,2024.05 |
| 213页;26cm |
| ISBN 978-7-5612-8913-6:CNY56.00 |
| 本书从城市轨道的基础理论入手, 论述了城市轨道交通的相关设施服务的规划设计, 并对城市轨道交通的运营管理做了系统分析。本书主要内容包括: 城市轨道交通概述 ; 城市轨道交通线网的规划与设计 ; 城市轨道交通车站的设计 ; 城市轨道交通系统的规划设计 ; 城市轨道交通客运组织管理等。 |
| ● |
| 相关链接 |
|
|
|
正题名:城市轨道交通规划与管理研究
索取号:U239.5/H910
 
预约/预借
| 序号 | 登录号 | 条形码 | 馆藏地/架位号 | 状态 | 备注 |
| 1 | 1625653 | 216256539 | 自科库501/501自科库 79排2列4层/ [索取号:U239.5/H910] | 在馆 |